| 000 | 00841cam a22002175a 4500 | ||
|---|---|---|---|
| 001 | E143697 | ||
| 008 | 080528s2007 xxk f 000 0 eng d | ||
| 035 | _a(Sirsi) u143697 | ||
| 041 | 0 | _aeng | |
| 050 | 0 | 4 | _a333.3307 $2 18 |
| 110 | 2 |
_aRoyal Institution of Chartered Surveyors _94900 |
|
| 245 | 0 | 0 |
_aAssessment of technical competence _bguidance note - signing off competencies for direct access candidates |
| 260 |
_aLondon _bRICS _c2007 |
||
| 300 |
_a5p. _c30cm. |
||
| 505 | 2 | _aWhat is the ATC? -- Online ethics exercise -- Final assessment | |
| 520 | _aProvides guidance to those signing off direct access candidates for the Assessment of Technical Competence. | ||
| 650 | 2 | 4 | _aATC |
| 651 | 4 |
_aUnited Kingdom _y |
|
| 690 | _aCAREERS, EDUCATION AND TRAINING-QUALIFICATION ROUTES-ASSESSMENT OF PROFESSIONAL COMPETENCE | ||
| 942 | _n0 | ||
| 999 |
_c108246 _d108246 |
||